Представление документа в формате RUSMARC

ПолеНазваниеЗначение
  Тип записи a
  Библиографический уровень m
001 Контрольный номер RU/SLIB/B/208755377
005 Дата корректировки 20201206204150.2
010 Индекс ISBN __
d Цена 0-34
101 Язык документа __
a Язык текста rus
200 Заглавие и сведения об ответственности 0_
a Заглавие Пискаревское кладбище
f Первые сведения об ответственности Петров Г. Ф.
b Общее обозначение материала Текст
210 Выходные данные __
a Место издания Л.
c Издательство Лениздат
d Дата издания 1971
215 Физическое описание __
a Объем 44 с.
c Иллюстрации/тип воспроизводства фот.
225 Серия __
a Серия Туристу о Ленинграде
330 Аннотация __
a Аннотация Книга знакомит читателя с архитектурно-скульптурным мемориалом в Ленинграде, местом массовых захоронений жертв блокады и участников обороны Ленинграда.
601 Наименование организации как предмет __
a Наименование организации как предмет Пискаревское кладбище
606 Тематические рубрики __
a Основная рубрика История
z Хронологическая подрубрика 20 в.
y Географическая подрубрика Россия; Ленинград; Санкт-Петербург
606 Тематические рубрики __
a Основная рубрика История России в целом
610 Ключевые слова __
a Ключевые слова кладбища; блокада Ленинграда; захоронения; мемориалы; исторические памятники; памятники; историческая литература; персоналии; войны
686 Индексы других классификаций __
a Классификационный индекс 63.3(2)л6
700 Автор __
a Фамилия Петров
b Имя Г. Ф.
4 Код отношения 070
801 Источник записи _0
a Страна RU
b Организация Муниципальное бюджетное учреждение культуры "Централизованная библиотечная система" г. Сургут (Центральная городская библиотека им. А. С. Пушкина)
g Правила каталогизации КиК/Котельникова
801 Источник записи _1
a Страна RU
b Организация Муниципальное бюджетное учреждение культуры "Централизованная библиотечная система" г. Сургут (Центральная городская библиотека им. А. С. Пушкина)
g Правила каталогизации КиК/Котельникова
852 Данные о местонахождении __
j Шифр хранения 63.3(2)л6
c Каталожный индекс 63.3(2)л6
i Авторский знак П 30
p Инвентарный номер Б/Н
901 Тип документа __
t Тип документа m
903 Характеристики (МАРС) __
a Дата передачи 20040517
990 Данные о заказе (DOS) __
j Количество экземпляров (DOS) 1